Statistics for Geography Chain

Click here to take the quiz!

General Stats

  • This quiz has been taken 81 times
  • The average score is 11 of 15

Answer Stats

HintAnswer% Correct
Amsterdam is the capital of this countryNetherlands
100%
Mount Everest is located in this countryNepal
94%
European country with a long Mediterranean coastlineItaly
93%
Sweden, Finland, Norway, Denmark, and IcelandScandinavia
90%
Small European country surrounded by Belgium, France, and GermanyLuxembourg
87%
Port city on the River Clyde in Scotland's western Lowlands.Glasgow
78%
Maritime city in northwest EnglandLiverpool
78%
Territory in northwest CanadaYukon
78%
Dutch Caribbean island off the coast of VenezuelaAruba
77%
Country on the Horn of AfricaDjibouti
77%
Mountain range in the Eastern north AmericaAppalachian
67%
Small country with Adriatic and Ionian coastlinesAlbania
65%
City in south-central KansasWichita
57%
Mexican beach resort town on the Pacific coastAcapulco
55%
City on the east side of San Francisco BayOakland
54%

Score Distribution

Percentile by Number Answered

Percent of People with Each Score

Your Score History

You have not taken this quiz